000 01443nam a22003737a 4500
001 BR8700735
003 BR-BrBNA
005 20230928092348.0
007 ta
008 230509b bl.||||| |||| 00| 0 por d
040 _aBR-BrBNA
_bpor
_cBiblioteca Nacional de Agricultura
041 _a(Por)
072 _aM01; M11
_b4600
_b/G514
090 _ 4600 BR8700735
100 1 _aRebelo Neto, J.E.
100 1 _aPoli, C.R.
100 1 _aNascimento, P.A.M. do
100 1 _aTremel, E.
100 1 _aRoczanski, M.
110 1 _aUniversidade Federal de Santa Catarina, Florianopolis (Brasil). Depto. de Biologia;
_910912
110 1 _aAssociacao de Credito e Assistencia Pesqueira de Santa Catarina, Florianopolis (Brasil);
_9414
110 1 _aSuperintendencia do Desenvolvimento da Pesca, Florianopolis, SC (Brasil)
_910074
245 1 _aRelatorio conclusivo dos trabalhos realizados para estudar e definir a viabilidade tecnica do emprego de redes de caceio e arrasto [Santa Catarina, Brasil]
260 3 _aFlorianopolis, SC (Brasil):
_c1984.
300 _a77 p.
500 _a39 tables; 6 illus. (*) Documento disponível na(o) Universidade Federal de Santa Catarina, Florianopolis (Brazil). Centro de Ciencias Agrarias
650 _aPESCA
650 _aEQUIPAMENTO PESQUEIRO
650 _aREDE DE ARRASTO
650 _aMETODO DE PESCA
650 _aSANTA CATARINA
909 _a202309
_bLucia
_c55
_dLucia Elande
942 _cBK
999 _c38572
_d38572